000 00380nam a2200133Ia 4500
008 240624s9999 xx 000 0 und d
041 _aeng
082 _a658.4013 BHO
100 _aBHOTE KEKI R
245 _aULTIMATE SIX SIGMA BEYOND QUALITY EXCELLENCE TO TOTA
260 _c2008
_aNew Delhi
_bPrentice-Hall of India
300 _axxxvi, : 404 : p. : cm. ; 24
365 _cRS
_b30
999 _c15164
_d15164